000
00383nam a22001097a 4500
082
_a
920/SAT
100
_a
सत्यार्थीं,कैलाश
_9
83450
245
_a
तुम पहले क्यों नहीं आए
260
_a
नई दिल्ली
_b
राजकमल प्रकाशन
_c
2024
650
_a
सत्यकथा
_9
83451
942
_c
HIN
999
_c
68368
_d
68368